Представление документа в формате MARC21

Поле Инд. ПП Название Значение
Тип записи a
Библиографический уровень m
001 Контрольный номер c5c4741b0ffb4d659c6f33e674e2029a
005 Дата корректировки 20260427091459.8
020 a ISBN 978-5-9775-6735-0
c Цена, тираж 80-62
040 b Код языка каталог. rus
e Правила каталог. PSBO
041 0_ a Код языка текста rus
080 a Индекс УДК 004.42
080 a Индекс УДК 007.52
084 a Индекс другой классификации/Индекс ББК 32.973
084 a Индекс другой классификации/Индекс ББК 32.816-04
090 a Полочн. индекс 681.3
x Авторский знак Б70
097 b Оператор 03
100 1_ a Автор Блум Д.
245 10 a Заглавие Изучаем Arduino. Инструменты и методы технического волшебства
c Ответственность пер. с англ.
250 a Основные сведения об издании 2-е изд.
260 a Место издания Санкт-Петербург
b Издательство БХВ-Петербург
c Дата издания 2026
300 a Объем 540 c.
b Иллюстрации/ тип воспроизводства ил.
336 a Термин вида содержания Текст
337 a Термин типа средства непосредственный
510 0_ a Примечание о ссылках Книги и методические пособия
650 04 a Основная рубрика 50.41 Программное обеспечение вычислительных машин, комплексов и сетей
x Основная подрубрика 50.41.25 Прикладное программное обеспечение
653 0_ a Ключевые слова микроконтроллеры; датчики; электрические схемы; Arduino; сервоприводы; электродвигатели; беспроводная связь; робототехника
900 a Имя электронного ресурса Блум - Изучаем Arduino инструменты и методы технического волшебства (001)
900 a Имя электронного ресурса Блум - Изучаем Arduino инструменты и методы технического волшебства
901 t Тип документа m